00828nam a2200217Ia 4500001001000000003000500010008004100015010001100056040000900067100003200076245015300108260003400261300001000295502010600305650003800411650001800449650002700467650003300494650003300527710005000560Para_9080CHAP220125s2005 xx 000 0 und d a207687 cCHAP aVera Heredia, José Manuel aLevantamiento ecológico de malezas del cultivo de la cebada (Hordeum vulgare L.) en los llanos de Apan, Hidalgo /c por José Manuel Vera Heredia aChapingo, Méx. :b el autor a45 h. aTesis (Ing. Agr. Esp. en Parasitología Agrícola) -- UACh. Departamento Parasitología Agrícola aCebada x malas hierbasxcontrol  aLabranza cero aLabranza convencional  aMalas hierbas x biología  aMalas hierbas x ecología  aUACh. Departamento Parasitología Agrícola